<?xml version="1.0" encoding="UTF-8"?>
<collection xmlns="http://www.loc.gov/MARC21/slim">
 <record>
  <leader>01533nam a2200145Ia 4500</leader>
  <controlfield tag="001">CTU_141772</controlfield>
  <controlfield tag="008">210402s9999    xx            000 0 und d</controlfield>
  <datafield tag="082" ind1=" " ind2=" ">
   <subfield code="a">333.75152</subfield>
  </datafield>
  <datafield tag="082" ind1=" " ind2=" ">
   <subfield code="b">U55</subfield>
  </datafield>
  <datafield tag="245" ind1=" " ind2="0">
   <subfield code="a">Understanding community-based forest ecosystem management</subfield>
  </datafield>
  <datafield tag="245" ind1=" " ind2="0">
   <subfield code="c">Gerald J. Gray, Maia J. Enzer, Jonathan Kusel, editors</subfield>
  </datafield>
  <datafield tag="260" ind1=" " ind2=" ">
   <subfield code="a">Binghamton, NY : |b Food Products Press, |c c2001</subfield>
  </datafield>
  <datafield tag="520" ind1=" " ind2=" ">
   <subfield code="a">Here is a state-of-the-art reference and information source for scientists, community groups and their leaders, resource managers, and ecosystem management practitioners. Healthy ecosystems and community well-being go hand in hand, and the interdependence between the two is the focal point of community-based ecosystem management. The information you'll find in Understanding Community-Based Forest Ecosystem Management will be invaluable in your effort to manage and maintain the ecosystems in your community. Understanding Community-Based Forest Ecosystem Management examines the emergence of community-based ecosystem management (CBEM) in the United States. This comprehensive book blends diverse perspectives, enabling you to draw on the experience and expertise of forest-based practitioners, researchers, and leaders in community-based efforts in the ecosystem management situations that you deal with in your community.</subfield>
  </datafield>
  <datafield tag="650" ind1=" " ind2=" ">
   <subfield code="a">Forest management |x Citizen participation |v Congresses,Forest management |z United States |x Citizen participation |v Congresses</subfield>
  </datafield>
  <datafield tag="980" ind1=" " ind2=" ">
   <subfield code="a">Trung tâm Học liệu Trường Đại học Cần Thơ</subfield>
  </datafield>
 </record>
</collection>
